| 000 | 00354nam a2200145Ia 4500 | ||
|---|---|---|---|
| 005 | 20251222153554.0 | ||
| 008 | 251222s9999||||xx |||||||||||||| ||spa|| | ||
| 020 | _a8425320739 | ||
| 082 | _a150/M22/T.I | ||
| 100 | _aMandino, Og | ||
| 245 | 0 | _aEl Vendedor Más Grande del Mundo | |
| 250 | _a8va.ed. | ||
| 264 | _bEdiciones Grjalbo, S.A. | ||
| 942 | _cLIB | ||
| 999 |
_c30959 _d30959 |
||